000 00474nam a2200181Ia 4500
001 22864
005 20260414150859.0
008 260414t2016||||xx |||||||||||||| ||spa||
041 _aESP
082 _a624.15136
_bJ81 T. 1 2016
100 _aJuárez Badillo, Eulalio
_eAUT
245 0 _aMecánica de suelos :
_bfundamentos de la mecánica de suelos
260 _c2016
300 _a642 páginas :
_c23 cm.
650 _a0
654 _aCIC
942 _cLIB
_dJUS
_fJUS
_2ddc
_n
999 _c22864
_d22864